Вып. 4 (13); Электронная техника. Сер. 8 : Радиодетали

書誌詳細
Parent link:Электронная техника. Сер. 8 : Радиодетали: научно-технический сборник. Вып. 4 (13).— , 1966-1971
言語:ロシア語
出版事項: 1968
フォーマット: MixedMaterials 図書
KOHA link:https://koha.lib.tpu.ru/cgi-bin/koha/opac-detail.pl?biblionumber=542122

MARC

LEADER 00000nam2a2200000 4500
001 542122
005 20231101114945.0
035 |a (RuTPU)RU\TPU\prd\232516 
035 |a RU\TPU\prd\232515 
090 |a 542122 
100 |a 20150304b1968 k y0rusy50 ca 
101 0 |a rus 
102 |a RU 
200 0 |a Вып. 4 (13) 
210 |d 1968 
461 1 |0 (RuTPU)RU\TPU\prd\1072  |t Электронная техника. Сер. 8 : Радиодетали  |o научно-технический сборник  |v Вып. 4 (13)  |d 1966-1971 
801 0 |a RU  |b 63413507  |c 20010227  |g PSBO 
801 1 |a RU  |b 63413507  |c 20150205 
801 2 |a RU  |b 63413507  |c 20180427  |g RCR 
942 |c BK 
999 |a НТБ_ТПУ  |b НФ  |e -4/20150112  |p П-7604  |u 0,00  |v 1  |x 30432